Normal view
MARC view
- Language arts (Higher)
Entry Topical Term
001 - CONTROL NUMBER
- control field: 21663
003 - CONTROL NUMBER IDENTIFIER
- control field: OSt
005 - DATE AND TIME OF LATEST TRANSACTION
- control field: 20170807095149.0
008 - FIXED-LENGTH DATA ELEMENTS
- fixed length control field: 170807|| aca||babn | a|a d
040 ## - CATALOGING SOURCE
- Original cataloging agency: OSt
150 ## - HEADING--TOPICAL TERM
- Topical term or geographic name entry element: Language arts (Higher)
